000 00409nam a2200157Ia 4500
008 210716s1972 xx 000 0 und d
020 _a0030813115
041 _aeng
082 _a512.5 PALH
100 _aPaley, Hiram; Weichsel, Paul M.
245 _aElements of abstract and linear algebra.
250 _a1
260 _aNew York
_c1972
300 _axii,498
650 _aAlgebra and number theory(512)
999 _c198432
_d198432